Harry Potter characters - Statistics

General Stats
  • This quiz has been taken 21 times
  • The average score is 9 of 16
Answer Stats
Picture Answer % Correct
Harry Potter
100%
Hermione Granger
100%
Lord Voldemort
100%
Ron Weasley
100%
Hedwig
95%
Albus Dumbledore
90%
Dolores Umbridge
86%
Kreacher
76%
Kendra Dumbledore
71%
Hokey
52%
Charlie Weasley
33%
Merope Gaunt
19%
Sturgis Podmore
10%
Bob Ogden
5%
Penelope Clearwater
5%
Ted Tonks
5%
No matching quizzes found
Score Distribution
Percent of People with Each Score
Percentile by Number Answered
Your Score History
You have not taken this quiz